00681nam a2200169 a 4500008004100000050001300041100002100054245008300075260004000158300001500198350000900213490003500222650001400257995010000271999001700371952012300388080930s2007 ||||||||||||||||| || u aIBRD(08) aDavid, Antonio C10aAre Price-Based capital account regulations effective in developing countries? aWashington, D. C.bWorld Bankc2007 a27p.: ill. a0.00 aPolicy Research Working Papers 0aECONOMICS D0.00FCBU-MAIN LIBRARY (Kitwe)H1I0.00M1UAVAILABLEWSep 30, 2008ZInternational Publications c34820d34820 00102lcc4070a001b001cInternational Publicationsd2022-11-30l0oIBRD(08)pZ03002981r2022-11-30w2022-11-30y002